<?xml version="1.0" encoding="UTF-8"?><?xml-stylesheet type="text/xsl" href="static/style.xsl"?><OAI-PMH xmlns="http://www.openarchives.org/OAI/2.0/" xmlns:xsi="http://www.w3.org/2001/XMLSchema-instance" xsi:schemaLocation="http://www.openarchives.org/OAI/2.0/ http://www.openarchives.org/OAI/2.0/OAI-PMH.xsd"><responseDate>2026-06-01T14:48:37Z</responseDate><request verb="GetRecord" identifier="oai:riuma.uma.es:10630/45634" metadataPrefix="marc">https://riuma.uma.es/rest/oai/request</request><GetRecord><record><header><identifier>oai:riuma.uma.es:10630/45634</identifier><datestamp>2026-02-21T00:46:57Z</datestamp><setSpec>com_10630_2254</setSpec><setSpec>col_10630_37953</setSpec></header><metadata><record xmlns="http://www.loc.gov/MARC21/slim" xmlns:dcterms="http://purl.org/dc/terms/" xmlns:doc="http://www.lyncode.com/xoai" xmlns:xsi="http://www.w3.org/2001/XMLSchema-instance" xsi:schemaLocation="http://www.loc.gov/MARC21/slim http://www.loc.gov/standards/marcxml/schema/MARC21slim.xsd">
   <leader>00925njm 22002777a 4500</leader>
   <datafield ind2=" " ind1=" " tag="042">
      <subfield code="a">dc</subfield>
   </datafield>
   <datafield ind2=" " ind1=" " tag="720">
      <subfield code="a">Castillo-de-Mesa, Joaquín</subfield>
      <subfield code="e">author</subfield>
   </datafield>
   <datafield ind2=" " ind1=" " tag="720">
      <subfield code="a">Gómez-Jacinto, Luís</subfield>
      <subfield code="e">author</subfield>
   </datafield>
   <datafield ind2=" " ind1=" " tag="260">
      <subfield code="c">2020-02-07</subfield>
   </datafield>
   <datafield ind2=" " ind1=" " tag="520">
      <subfield code="a">Social networking sites have enabled a high connectedness leading to unprecedented interactive dynamics. Social workers are using these digital means and are generating communities of practice through which they cooperate and share information. Through netnography and analysis of social networking sites we have observed the presence, identity, and connectedness, and interaction patterns on LinkedIn of 170 social workers who worked at 41 organizations from specific contexts. Implicit communities were identified through various algorithms, thus analyzing leadership and cohesion of their members. Results show connectedness and interaction patterns that lead to the creation of communities of practice on LinkedIn based on social work domains and practices. The possibility of establishing and maintaining relationships on LinkedIn and applying social networking sites to social intervention as an innovative strategy to improve information exchange and cooperation between professionals and organizations is addressed in the discussion.</subfield>
   </datafield>
   <datafield ind1="8" ind2=" " tag="024">
      <subfield code="a">Castillo-de Mesa, J. &amp; Gómez-Jacinto, L. (2020). Connectedness, engagement, and learning through social work communities on LinkedIn. Psychosocial Intervention, 29(2), 103-112. https://doi.org/10.5093/pi2020a4</subfield>
   </datafield>
   <datafield ind1="8" ind2=" " tag="024">
      <subfield code="a">https://hdl.handle.net/10630/45634</subfield>
   </datafield>
   <datafield ind1="8" ind2=" " tag="024">
      <subfield code="a">10.5093/pi2020a4</subfield>
   </datafield>
   <datafield tag="653" ind2=" " ind1=" ">
      <subfield code="a">Trabajo social - Innovaciones tecnológicas</subfield>
   </datafield>
   <datafield tag="653" ind2=" " ind1=" ">
      <subfield code="a">Redes sociales en Internet</subfield>
   </datafield>
   <datafield ind2="0" ind1="0" tag="245">
      <subfield code="a">Connectedness, Engagement, and Learning through Social Work Communities on LinkedIn</subfield>
   </datafield>
</record>
</metadata></record></GetRecord></OAI-PMH>